Normal view
MARC view
- Aishwarya Shah - 2k171150 & Prof. Priyanka Potdar - Guide
Entry Personal Name
001 - CONTROL NUMBER
- control field: 104971
003 - CONTROL NUMBER IDENTIFIER
- control field: OSt
005 - DATE AND TIME OF LATEST TRANSACTION
- control field: 20221007221227.0
008 - FIXED-LENGTH DATA ELEMENTS
- fixed length control field: 221007|| aca||aabn | a|a d
040 ## - CATALOGING SOURCE
- Original cataloging agency: OSt
- Transcribing agency: OSt
100 ## - HEADING--PERSONAL NAME
- Personal name: Aishwarya Shah - 2k171150 & Prof. Priyanka Potdar - Guide
670 ## - SOURCE DATA FOUND
- Source citation: Work cat.: (OSt)78092: Aishwarya Shah - 2k171150 & Prof. Priyanka Potdar - Guide, A Study On Students Perception Toward Campus Placement Training In Mba Colleges, 2018